College Quizbowl Stats
College Quizbowl Stats
Circuits
Seasons
Sets
Records
Detailed Stats
About
Loading...
2023 BHSU @ Maryland
Tossups
Bonuses
Players
Teams
Categories (Tossup)
Categories (Bonus)
Kevin Jiang
The Perfection of Wisdom in 8,000 Negs
Categories
Category
Powers
Gets
Negs
BBs
Points
Earliest Buzz
Avg. Buzz
First Buzzes
Top 3 Buzzes
BPA
PVF
TR
1
1
0
0
25
28
55.50
2
2
0.00
0.00
MB
0
1
0
1
10
124
124.00
0
1
0.00
0.00
RC
0
0
0
0
0
0.00
0
0
0.00
0.00
BB
0
0
1
0
-5
0.00
0
0
0.00
0.00
RR
0
0
1
0
-5
0.00
0
0
0.00
0.00
Buzzes
Category
Answer
Value
Buzz Position
TR
Sikh Empire
15
28
TR
Kindred
10
83
RR
databases
-5
91
BB
dose
-5
104
MB
klezmer music
10
124
RC
Giambologna
0
137
Previous
1
Next